000 00252nam a2200097Ia 4500
001 682824
005 20250826161426.0
008 250824s9999 xx 000 0 und d
245 0 _aTARİHİN ARKA SOKAKLARI
_cYAVUZ BAHADIROĞLU
260 _bPANAMA YAYINLARI
999 _c682824
_d682824